Trenerzy West Hamu - nagła śmierć - Statystyki

Ogólne statystyki
  • Ten quiz został rozwiązany 21 razy
  • Średni wynik to 5 z 15
Answers on the Grid
Answers color-coded by a green-red scale on the quiz's grid according to % correct below.
Nuno Espírito Santo
Sean Dyche
Frank de Boer
Glenn Roeder
Roy Evans
Graham Potter
John Lyall
Gary O’Neil
Charlie Paynter
Paulo Sousa
Leo Beenhakker
Harry Redknapp
Rob Edwards
Ralf Rangnick
David Moyes
Andoni Iraola
José Mourinho
Sam Allardyce
Roberto De Zerbi
Slaven Bilic
Javi Gracia
Avram Grant
Julen Lopetegui
Fernando Santos
Gianfranco Zola
Alan Curbishley
Syd King
Manuel Pellegrini
Graham Turner
Stewart Houston
 
Statystyki odpowiedzi
Odpowiedź % Poprawnych
Nuno Espírito Santo
77%
Graham Potter
69%
David Moyes
62%
Sam Allardyce
62%
Slaven Bilic
62%
Manuel Pellegrini
54%
Julen Lopetegui
46%
Harry Redknapp
31%
Avram Grant
23%
Gianfranco Zola
23%
Alan Curbishley
15%
Charlie Paynter
15%
Syd King
8%
Glenn Roeder
0%
John Lyall
0%
Nie znaleziono quizów pasujących do podanych kryteriów
Rozkład punktacji
Procent ludzi z każdym wynikiem
Percentyl według liczby udzielonych odpowiedzi
Twoja historia wyników
Nie rozwiązałeś tego quizu